00426nam a22001457a 450000500170000000800410001702000180005804000100007608200270008610000210011324500400013425000270017426000470020130000320024820230417154021.0230417b sa ||||| |||| 00| 0 tsw d a9780798626972 c[RDA] 223aTSW 896.37303 MONA aMonakhisi, Sonty aTseang malebisicby Sonty Monakhisi aTenth Impressionb2009 aCape TownbDe Jager Haum Publishers c2009 a158 pagesbPaperbackc22 cm